[Event "Arad op-B 14th"]
[Site "Arad"]
[Date "2021.07.31"]
[Round "3"]
[White "Bejan, Sergiu"]
[Black "Baibarac, Niculae"]
[Result "1-0"]
[WhiteElo "1909"]
[BlackElo "1769"]
[PlyCount "99"]
[EventDate "2021.07.30"]
[EventType "swiss"]
[EventRounds "9"]
[EventCountry "ROU"]
[SourceTitle "EXT 2022"]
[Source "ChessBase"]
[SourceDate "2021.10.06"]
[SourceVersion "1"]
[SourceVersionDate "2021.10.06"]
[SourceQuality "1"]

1. e4 e5 2. Nf3 Nc6 3. Bc4 Bc5 4. c3 d6 5. h3 Nf6 6. d3 a5 7. Bg5 h6 8. Bh4 g5 9. Bg3 Nh5 10. Bh2 Nf4 11. Bxf4 gxf4 12. d4 exd4 13. cxd4 Bb4+ 14. Kf1 a4 15. Bb5 Bd7 16. a3 Ba5 17. Bxa4 Qe7 18. b4 Bb6 19. Nc3 Nd8 20. Bc2 c6 21. a4 f6 22. Qd2 Ne6 23. a5 Ng5 24. Re1 Nxf3 25. gxf3 Bc7 26. Qxf4 Kd8 27. Qd2 Be6 28. d5 Bf7 29. f4 Bh5 30. Bd1 Bxd1 31. Qxd1 c5 32. bxc5 Bxa5 33. Qd3 dxc5 34. Re3 Bb4 35. Ne2 Ra3 36. Qc2 Ra1+ 37. Kg2 Rg8+ 38. Ng3 Rxh1 39. Kxh1 Qd6 40. Rf3 Qd7 41. Nf5 Qb5 42. Qd1 Qd7 43. Qa1 Kc7 44. d6+ Kb8 45. Qxf6 Qb5 46. Ng3 Rxg3 47. Rxg3 Qf1+ 48. Kh2 Qxf2+ 49. Rg2 Qd4 50. Qd8+ 1-0